000 00511cam a2200181 4500500
005 20260405001448.0
041 _afre
042 _adc
100 1 0 _aLévi, Jean
_eauthor
245 0 0 _aAttaquer de biais
260 _c2013.
500 _a40
690 _aCombat
690 _aGuerre
690 _aSun Tzu
786 0 _nPhilosophie magazine | 67 | 3 | 2013-03-01 | p. 48-49 | 1951-1787
856 4 1 _uhttps://shs.cairn.info/magazine-philosophie-magazine-2013-3-page-48?lang=fr&redirect-ssocas=7080
999 _c2047908
_d2047908